| 000 | 01034cam a2200265 i 4500 | ||
|---|---|---|---|
| 003 | SA-RiAUC | ||
| 005 | 20251228064318.0 | ||
| 008 | 251123s1988 su g b 000r0 ara c | ||
| 040 |
_aSA-JeALM _bara _cSA-RiAUC _erda |
||
| 082 | 0 | 4 | _a251.22 |
| 090 |
_a251.22 _bج ب و |
||
| 100 | 1 |
_aالجبوري، حسين بن خلف _eمؤلف. |
|
| 245 | 1 | 0 |
_aأحكام الرخص في الشريعة الإسلامية / _cحسين خلف الجبوري. |
| 250 | _aالطبعة الثانية. | ||
| 264 | 1 |
_aمكة المكرمة : _bمكتبة المنارة، _c1988 |
|
| 300 |
_a95 صفحة ؛ _c20 سم |
||
| 336 |
_aنص _btxt _2rdacontent _3كتاب |
||
| 337 |
_aبدون وسيط _bn _2rdamedia |
||
| 338 |
_aمجلد _bnc _2rdacarrier |
||
| 500 | _aإهداء من المؤلف حسين خلف الجبوري بتاريخ 1408/10/6 هـ | ||
| 504 | _aببليوجرافية : صفحة 89-94. | ||
| 650 | 7 |
_aالرخص (فقه إسلامي) _2aucsh |
|
| 942 |
_2ddc _cBOOK _n0 |
||
| 949 |
_aSA-JeALM _d251123 _umohamedma123 _n1 |
||
| 999 |
_c13727 _d13727 |
||